01790cam a2200253 a 450000100090000000300050000900500170001400800410003101000170007202000250008902000220011403500240013604000490016005000240020908200220023310000260025524500750028126000430035630000260039950510140042565000230143965000400146270000340150215490797NUST20221014115726.0081020s2009 nyu b 000 0 eng  a 2008043904 a9781596671058 (pbk.) a159667105X (pbk.) a(OCoLC)ocn263408862 aDLCcDLCdYDXdYDXCPdBTCTAdCDXdSINIEdDLC00aLB2831.9b.W55 200900a371.2012, WIL2221 aWilliamson, Ronald D.14aThe principalship from A to Z /cRon Williamson, Barbara R. Blackburn. aLarchmont :bEye on Education,cc2009. axix, 217 p. ;c26 cm. aAchievement Is the Focus (Page-1), Beginnings, Endings and School Culture (Page-8),Conducting Successful Meetings (Page-14),Data-Driven Decisions (Page-20),Effective School and Classroom Discipline (Page-27),Finding the Right People (Page-35),Grading and Assessment (Page-43),Helpful Resources (Page-50),It’s all About Instructional (Page-58),Juggling Priorities (Page-66),Keys to Successful Public Relations (Page-72),Looking Students Work (Page-80),Managing Schedules (Page-87),New Ideas, New Challenges (Page-98),Ownership Means More than One (Page-106),Professional Learning Facilitates Growth (Page-113),Quality Teacher Evaluation (Page-121),Recognizing the Law (Page-134),Serving with New Eyes (Page-143),Teaming with Families and Community (Page-153),Under Pressure: School Safety (Page-160),Vision (Page-167),Working Together for the Future (Page-175),The X Factor: Special Population in Your School (Page-182),Year after Year: Sustaining Success (Page-188),Zooming in on Future Trends (Page-196).  0aSchool principals. 0aSchool management and organization.1 aBlackburn, Barbara R.,d1961-